000 00795nam a2200253Ia 4500
003 GCL
008 140319s9999 xx 000 0 ara d
040 _aGCL /
_cGCL
082 0 4 _aط813.088
_bم ح
100 1 _aمحمد حسن ابودنيا
245 1 0 _aالقرد /
_cمحمد حسن ابودنيا
700 1 _aعادل البطراوى
700 1 _aعبدالشافى سيد
260 _a[S.N] :
_bدار الكتاب المصرى ،
_c1989
300 _a16 ص
490 _aحيوانات جاء ذكرها فى القرأن الكريم
_v0
650 0 4 _aالاطفال
650 0 4 _aقصص الاطفال
650 0 4 _aالعلوم
650 0 4 _aالحشرات
650 0 4 _aالقران والعلم
650 0 4 _aالحيوانات - تربية
942 _2ddc
_cBK
999 _c56648
_d56648